书目信息 |
| 题名: |
线性规划问题的新算法
|
|
| 作者: | 吕彬 , 郭全魁 , 陈磊 著 | |
| 分册: | ||
| 出版信息: | 北京 国防工业出版社 2013 |
|
| 页数: | 193页 | |
| 开本: | 24cm | |
| 丛书名: | ||
| 单 册: | ||
| 中图分类: | O221.1 | |
| 科图分类: | ||
| 主题词: | 线性规划--算法理论 , 线性规划 , 算法理论 | |
| 电子资源: | ||
| ISBN: | 978-7-118-08437-5 | |
| 000 | 01234nam0 2200289 450 | |
| 001 | 523 | |
| 005 | 20140910084215.14 | |
| 010 | @a978-7-118-08437-5@dCNY33.00 | |
| 100 | @a20130607d2013 em y0chiy50 ea | |
| 101 | 0 | @achi |
| 102 | @aCN@b110000 | |
| 105 | @ay z 000yy | |
| 106 | @ar | |
| 200 | 1 | @a线性规划问题的新算法@AXian Xing Gui Hua Wen Ti De Xin Suan Fa@f吕彬,郭全魁,陈磊著@FLu^ Bin, Guo Quan Kui, Chen Lei Zhu |
| 210 | @a北京@c国防工业出版社@d2013 | |
| 215 | @a193页@d24cm | |
| 300 | @a总装备部人才战略工程专项资助 | |
| 330 | @a本书共分8章:第1章介绍了线性规划问题的一般模型及各种形式;第2章研究了线性规划问题的图解法和其解的性质;第3章提出了“正则形法”的求解思路和迭代步骤,并给出了证明;第4章结合图形演示了“正则形法”的求解路径;第5章给出了运用“正则形法”求解线性规划问题的典型示例;第6章研究了“单纯形法”及其收敛速度的改进;第7章对“正则形法”和“单纯形法”进行了比较研究;第8章研究了有多个解的线性规划问题。 | |
| 606 | 0 | @a线性规划@x算法理论 |
| 606 | 0 | @a线性规划 |
| 606 | 0 | @a算法理论 |
| 690 | @aO221.1@v5 | |
| 701 | 0 | @a吕彬@ALu^ Bin@f(1967~)@4著 |
| 701 | 0 | @a郭全魁@AGuo Quan Kui@4著 |
| 701 | 0 | @a陈磊@AChen Lei@4著 |
| 801 | 0 | @aCN@bTANGWEI@c20140603 |
| 905 | @b0838417-19@dO221.1@e155@f3 | |
| 线性规划问题的新算法/吕彬,郭全魁,陈磊著.-北京:国防工业出版社,2013 |
| 193页;24cm |
| 总装备部人才战略工程专项资助 |
| ISBN 978-7-118-08437-5:CNY33.00 |
| 本书共分8章:第1章介绍了线性规划问题的一般模型及各种形式;第2章研究了线性规划问题的图解法和其解的性质;第3章提出了“正则形法”的求解思路和迭代步骤,并给出了证明;第4章结合图形演示了“正则形法”的求解路径;第5章给出了运用“正则形法”求解线性规划问题的典型示例;第6章研究了“单纯形法”及其收敛速度的改进;第7章对“正则形法”和“单纯形法”进行了比较研究;第8章研究了有多个解的线性规划问题。 |
| ● |
| 相关链接 |
|
|
|
|
正题名:线性规划问题的新算法
索取号:O221.1/155
 
预约/预借
| 序号 | 登录号 | 条形码 | 馆藏地/架位号 | 状态 | 备注 |
| 1 | 0838417 | 208384176 | 第二样本阅览室/ [索取号:O221.1/155] | 在馆 | |
| 2 | 0838418 | 208384185 | 第三借阅区/ [索取号:O221.1/155] | 在馆 | |
| 3 | 0838419 | 208384194 | 密集书库-数信学院/ [索取号:O221.1/155] | 在馆 |